Harry Styles - Watermelon Sugar Lyrics - Statistics

General Stats
  • This quiz has been taken 465 times
  • The average score is 203 of 232
Answer Stats
Lyric % Correct
i
98%
watermelon
98%
sugar
97%
a
95%
high
94%
like
94%
summer
94%
on
93%
evening
92%
and
91%
taste
91%
it
90%
strawberries
89%
you
89%
just
88%
in
87%
so
87%
want
87%
don't
86%
know
84%
me
84%
tastes
84%
go
83%
ever
82%
your
82%
if
81%
could
80%
feeling
80%
out
80%
song
80%
sounds
78%
without
78%
that
76%
berries
75%
breathe
74%
more
72%
wanna
70%
belly
69%
it's
68%
the
67%
i'm
62%
warm
59%
wonderful
59%
thinking
58%
you're
56%
baby
55%
loud
55%
of
50%
june
45%
end
44%
away
33%
getting
31%
washed
28%
No matching quizzes found
Score Distribution
Percent of People with Each Score
Percentile by Number Answered
Your Score History
You have not taken this quiz